CBSE,UGC,NET, PAPER-1: (Record no. 154221)

MARC details
000 -LEADER
fixed length control field 00830nam a22002057a 4500
005 - DATE AND TIME OF LATEST TRANSACTION
control field 20180720105507.0
010 ## - LCCN (DPL NO)
LC control number B-698578
020 ## - INTERNATIONAL STANDARD BOOK NUMBER
International Standard Book Number 9789332551732
Terms of availability 375.00
035 ## - SYSTEM CONTROL NUMBER
System control number B-698578
037 ## - SOURCE OF ACQUISITION
Source of stock number/acquisition R.K. Books
082 ## - DEWEY DECIMAL CLASSIFICATION NUMBER
Classification number 000
100 ## - MAIN ENTRY--PERSONAL NAME
Personal name Madaan, K.V.S
245 ## - TITLE STATEMENT
Title CBSE,UGC,NET, PAPER-1:
Remainder of title Teacing and Research Aptitude/
Statement of responsibility, etc K V S Madaan
250 ## - EDITION STATEMENT
Edition statement 2nd,Edition
260 ## - PUBLICATION, DISTRIBUTION, ETC. (IMPRINT)
Place of publication, distribution, etc Noida,Utter pradesh
Name of publisher, distributor, etc Pearson Education services pvt.Ltd.
Date of publication, distribution, etc 2018
270 ## - ADDRESS
Address 15Th Floor, Tower-B, World Trade Tower, plot No, -1, Block-C, Sector -16
City Noida, Utter pradesh
Postal code 201301
300 ## - PHYSICAL DESCRIPTION
Extent xx,101 P.
Other physical details Ill.
Dimensions 23x16 c.m.(pbk)
942 ## - ADDED ENTRY ELEMENTS (KOHA)
Source of classification or shelving scheme Dewey Decimal Classification
Item type English Books
Classification part 000
Call number suffix MAD
Holdings
Withdrawn status Lost status Materials specified (bound volume or other part) Not for loan Collection code Home library Current library Date acquired Source of acquisition Cost, normal purchase price Full call number Barcode Copy number Cost, replacement price Koha item type
    R.P. Books   Non-fiction Central Library Central Library 17/07/2018 R.K. Books/ 154/26.06.2018/IN759/18-19/05.07.18/12.07.2018 375.00 000 MAD B-698578 1 375.00 English Books

© Delhi Public Library
Hit Counter
free hit counter